000 01186cam a2200325 i 4500
999 _c9670
_d9670
001 17750887
003 GBCCL
005 20241126110716.0
008 130523s2014 ilu b 001 0 eng
010 _a 2013014987
020 _a9781433513121 (hc)
040 _aDLC
_beng
_erda
_cDLC
_dDLC
042 _apcc
050 0 0 _aBS1415.53
_b.A84 2014
082 0 0 _a220.7
_a223.107
_223
_bPRE
100 1 _aAsh, Christopher,
_d1953-
_916814
245 1 0 _aJob :
_bthe wisdom of the cross /
_cChristopher Ash ; R. Kent Hughes, series editor.
264 1 _aWheaton :
_bCrossway,
_c[2014]
300 _a489 pages ;
_c24 cm.
336 _atext
_btxt
_2rdacontent
337 _aunmediated
_bn
_2rdamedia
338 _avolume
_bnc
_2rdacarrier
490 0 _aPreaching the word
504 _aIncludes bibliographical references and indexes.
630 0 0 _aBible.
_pJob
_vCommentaries.
_910172
776 0 8 _iOnline version:
_aAsh, Christopher, 1953-
_tJob
_dWheaton : Crossway, 2014
_z9781433513138
_w(DLC) 2013021331
906 _a7
_bcbc
_corignew
_d1
_eecip
_f20
_gy-gencatlg
942 _2ddc
_cREF